Piłka nożna quiz #207 - Kariera klubowa - Erling Haaland - Statystyki

Ogólne statystyki
  • Ten quiz został rozwiązany 384 razy
  • Średni wynik to 3 z 5
Statystyki odpowiedzi
Lata gry Klub % Poprawnych
2022 - obecnie Manchester City
99%
2020 - 2022 Borussia Dortmund
94%
2019 - 2020 Red Bull Salzburg
69%
2017 - 2019 Molde FK
59%
2016 - 2017 Bryne FK
15%
Nie znaleziono quizów pasujących do podanych kryteriów
Rozkład punktacji
Procent ludzi z każdym wynikiem
Percentyl według liczby udzielonych odpowiedzi
Twoja historia wyników
Nie rozwiązałeś tego quizu